LEADER 01359cam0-22004931i-450 001 990008000470403321 005 20170504100817.0 010 $a88-207-3736-1 035 $a000800047 035 $aFED01000800047 035 $a(Aleph)000800047FED01 035 $a000800047 100 $a20050207d2004----km-y0itay50------ba 101 0 $aita 102 $aIT 105 $aa-------001yy 200 1 $aCittą e organizzazione territoriale$fItalo Talia 210 $aNapoli$cLiguori$d2004 215 $a103 p.$d23 cm 225 1 $aDomini 610 0 $aGeografia urbana 676 $a044.005 676 $a307.76$v21$zita 700 1$aTalia,$bItalo$034425 801 0$aIT$bUNINA$gRICA$2UNIMARC 901 $aBK 912 $a990008000470403321 952 $aA2 SOP II 3$b04208$fDINST 952 $a044.005.TAL.01$b6011$fDECGE 952 $a044.005.TAL.02$b6895$fDECGE 952 $aA-G 0708$bB.F.L.F. 51093$fILFGE 952 $aVII B 199$b41459$fFSPBC 952 $aGEOGU12A$b17676$fDECBC 952 $aGEOGU12B$b18430$fDECBC 952 $aGEOGU12C$b18467/a$fDECBC 952 $aGEOGU12D(DEP)$b18467/b$fDECBC 952 $aGEOGU12E(DEP)$b18467/c$fDECBC 959 $aDINST 959 $aDECGE 959 $aILFGE 959 $aFSPBC 959 $aDECBC 996 $aCittą e organizzazione territoriale$9749862 997 $aUNINA LEADER 03699nam 2200865 a 450 001 9910965888803321 005 20240313074601.0 010 $a9781847796424 010 $a1847796427 010 $a9781781701294 010 $a1781701296 010 $a9781847792037 010 $a1847792030 035 $a(CKB)2560000000085792 035 $a(EBL)1069548 035 $a(OCoLC)818847253 035 $a(SSID)ssj0000747055 035 $a(PQKBManifestationID)12326235 035 $a(PQKBTitleCode)TC0000747055 035 $a(PQKBWorkID)10704814 035 $a(PQKB)11089416 035 $a(StDuBDS)EDZ0000086809 035 $a(OCoLC)957516116 035 $a(MdBmJHUP)muse78019 035 $a(OCoLC)1132222443 035 $a(Au-PeEL)EBL1069548 035 $a(CaPaEBR)ebr10623250 035 $a(CaONFJC)MIL843742 035 $a(DE-B1597)658906 035 $a(DE-B1597)9781847792037 035 $a(MiAaPQ)EBC1069548 035 $a(Perlego)1526300 035 $a(EXLCZ)992560000000085792 100 $a20121130d2007 uy 0 101 0 $aeng 135 $aur|n|---||||| 181 $ctxt$2rdacontent 182 $cc$2rdamedia 183 $acr$2rdacarrier 200 14$aThe Bush administration, sex and the moral agenda /$fEdward Ashbee 205 $a1st ed. 210 1$aManchester :$cManchester University Press,$d2007. 215 $a1 online resource (x, 254 pages) 311 08$a9780719072772 311 08$a0719072778 311 08$a9780719072765 311 08$a071907276X 320 $aIncludes bibliographical references and index. 327 $a9780719072765; 9780719072765; Copyright; Contents; Tables; Acknowledgements; Preface; Introduction: the Bush administration,sex and the moral agenda; 1 The rise of the moral agenda and American public opinion; 2 The politics of 'W-ism'; 3 Gay rights, same-sex marriage and AIDS; 4 'Pet your dog . . .':sex education, abstinence and contraception; 5 Obscenity and indecency; 6 'Healthy marriage' and the family; 7 Abortion and the 'culture of life'; 8 Conclusion: the politics of morality,the 2004 presidential election and the Bush legacy; Index 330 $aThe Bush Administration, sex and the moral agenda considers White House policy towards issues such as abortion, sex education, obscenity and same-sex marriage. The book suggests that although accounts have often emphasised the ties between George W. Bush and the Christian right, the administration's strategy was, at least until early 2005, also directed towards the courting of middle ground opinion. This study offers a detailed and comprehensive survey of policy-making; assesses the political significance of moral concerns; evaluates the role of the Christian right, and throws new light on Geo 606 $aPOLITICAL SCIENCE / Public Policy / Cultural Policy$2bisacsh 607 $aUnited States$xMoral conditions 607 $aUnited States$xPolitics and government$y2001-2009 607 $aUnited States$xSocial policy$y1993- 610 $aBush administration. 610 $aBush presidency. 610 $aChristian right. 610 $aGeorge W. Bush. 610 $aabortion. 610 $amiddle-ground opinion. 610 $aobscenity. 610 $apolicy making. 610 $asame-sex marriage. 610 $asex education. 615 7$aPOLITICAL SCIENCE / Public Policy / Cultural Policy. 676 $a306.0973 676 $a320.973 700 $aAshbee$b Edward$01809465 801 0$bMiAaPQ 801 1$bMiAaPQ 801 2$bMiAaPQ 906 $aBOOK 912 $a9910965888803321 996 $aThe Bush administration, sex and the moral agenda$94360270 997 $aUNINA